000 00419cam a2200181 4500
001 D9828
008 090401t1969 xxu||||| |||| 00| 0 eng d
035 _a(Sirsi) u22713
041 _aeng
050 _a526.9
100 _aWhyte, W.S.
245 _aBasic metric surveying
260 _aLondon
_bNewnes-Butterworths
_c1969
300 _avi. 312p. illus. 22cm
350 _a3.2
942 _n0
948 _c04/03/1997
999 _c88232
_d88232